00571nam a2200181Ia 450000500170000000800410001702000150005808200130007310000190008624500490010526000590015430000260021365000200023965000140025994200060027395200950027999900150037420240814075445.0240331s9999 xx 000 0 und d a9555800618 bSIRa400 aSiriwardena, R 4aThe protean life of language :bfour studies aColombobInternational Centre For Ethnic Studiesc2001 axiii, 156 p ., ( c 2) aPoetic Language aSexuality cL 001040708LaWERCLbWERCLcSSCd2024-03-31l0o 400 SIRp4570r2024-03-31w2024-03-31yL c3025d3025